Práca s textom učebných materiálov vo výučbe cuzdieho jazyka
Úloha kvalitného materiálu pri práci s cudzojazyčným textom. Didaktizácia textov prostredníctvom použitia tvorivých metodických postupov a techník. Osobnosť učiteľa a študenta v interaktívnom procese výučby. Aplikácia jazykových vedomostí, komunikatívnych zručností a kľúčových kompetencií študenta v...
Gespeichert in:
| 1. Verfasser: | |
|---|---|
| Format: | Buchkapitel |
| Sprache: | Slowakisch |
| Schlagworte: | |
| Tags: |
Keine Tags, Fügen Sie das erste Tag hinzu!
|
MARC
| LEADER | 00000nla a2200000 4500 | ||
|---|---|---|---|
| 001 | 0152813 | ||
| 005 | 20240502072724.6 | ||
| 041 | 0 | |a slo | |
| 044 | |a SK | ||
| 245 | 1 | 0 | |a Práca s textom učebných materiálov vo výučbe cuzdieho jazyka |c Zdenka Kanisová |
| 520 | |a Úloha kvalitného materiálu pri práci s cudzojazyčným textom. Didaktizácia textov prostredníctvom použitia tvorivých metodických postupov a techník. Osobnosť učiteľa a študenta v interaktívnom procese výučby. Aplikácia jazykových vedomostí, komunikatívnych zručností a kľúčových kompetencií študenta v cudzojazyčnej výučbe. | ||
| 610 | 2 | 0 | |a vzdelávanie |
| 610 | 2 | 0 | |a vyučovanie |
| 610 | 2 | 0 | |a jazyky cudzie |
| 610 | 2 | 0 | |a metodika |
| 610 | 2 | 0 | |a didaktika |
| 610 | 2 | 0 | |a pomôcky učebné |
| 610 | 2 | 0 | |a literatúra |
| 610 | 2 | 0 | |a komunikácia |
| 610 | 2 | 0 | |a učitelia |
| 610 | 2 | 0 | |a študenti |
| 100 | 1 | |a Kanisová, Zdenka | |